L'empire byzantin et la monarchie franque (Запис номер 431689)
[ съкратено ]
| 000 -Лидер | |
|---|---|
| Контролно поле с фиксирана дължина | nam a22 a 4500 |
| 003 - Код на организацията, давaща контролен номер | |
| Контролно поле | BLK |
| 005 - Дата и час на последна редакция | |
| Контролно поле | 20210914094628.0 |
| 008 - Елементи от данни с фиксирана дължина | |
| fixed length control field | 210616b bu |||||r|||| 00| | bu d |
| 040 ## - Източник на каталожния запис | |
| Идентификатор на билиотеката - собственик на записа | BLK |
| 041 ## - Код за език | |
| Код за езика на текст/звукозапис или на отделно заглавие | Френски |
| Код за езика КДБФ | Френски |
| 080 ## - УДК | |
| Текстов определител УДК | Средновековна и нова обща история |
| УДК код - определител по УДК | 94 |
| УДК определител | (100) |
| УДК - код + определител | 94(100) |
| 100 ## - Редна дума - Автор | |
| R(LIN) | 464387 |
| Автор | Gasquet, Amedee Louis Ulysse |
| Авторска отговорност | първи автор |
| 139 ## - Редно поле | |
| Редна дума | Gasquet, Amedee Louis Ulysse |
| 245 ## - Сведения за заглавието | |
| Заглавие | L'empire byzantin et la monarchie franque |
| Редно поле (дума) | A. Gasquet |
| 260 ## - Област на издателските данни | |
| 9 (RLIN) | 219407 |
| Място на издаване, разпространение и проч. | Paris |
| Име на издателя, разпространителя и проч. | Libr. Hachette et C-ie |
| Година на издаване | 1888 |
| 300 ## - Физическа характеристика | |
| Страници | XII, 484 С. |
| Размери/Мащаб | 23 см |
| 380 ## - Жанр | |
| Жанр | Изкуство |
| 490 ## - СЕРИИ (Колекции) | |
| 9 (RLIN) | 464388 |
| Име на серия | Etudes byzantines |
| 490 ## - СЕРИИ (Колекции) | |
| 9 (RLIN) | 435080 |
| Име на серия | Колекция Редки и ценни издания |
| 650 #0 - Допълнително описание по предмет – тема | |
| 9 (RLIN) | 396464 |
| Основно описание – тема или топоним | История |
| 651 #7 - Допълнително описание по предмет - топоним | |
| 9 (RLIN) | 178709 |
| Географско понятие | Византия |
| 653 #0 - Ключова дума – ненормативна | |
| 9 (RLIN) | 464389 |
| Ключова дума | Франкска монархия |
| 852 ## - Местоположение | |
| Форматна сигнатура | Рф 888 |
| Фондова буква | Редки и ценни |
| 999 ## - СИСТЕМНИ КОНТРОЛНИ НОМЕРА | |
| Koha biblionumber | 431689 |
| Koha biblioitemnumber | 431689 |
| 942 ## - АРТИКУЛИ | |
| Вид на библиотечния материал | Книги |
| Скрит в OPAC | Не |
| Периодичен библиозапис | Да |
| 944 ## - СЪЗДАВАНЕ И РЕДАКЦИЯ на ЗАПИСА | |
| Създаване/Редакция | Създаване |
| Дата на регистрацията/редакция | 2021-09-14 |
| Служител, извършил регистрацията/редакцията | К.Д. |
| Код за отписване | Код за изгубен артикул | Източник на класификационната схема | Код за повреда | Коз за рестрикции | Код за отдаване | Артикулен № | Име на библиотеката - собственик | Име на библиотеката, в която се намира в момента | Статус (Текущо местоположение) | Дата на вписване в системата | Местоположение - отдел | Цена в лева | Инвентарен номер | Систематично азбучна сигнатура | Баркод | Цена в евро | Служебен тип на артикула |
|---|---|---|---|---|---|---|---|---|---|---|---|---|---|---|---|---|---|
| Не е изгубен | Universal Decimal Classification | Не е повреден | само за читалня | Специални фондове ( старопечатни, редки и ценни, фонд М. Арнаудов) | 854573 | Регионална библиотека "Любен Каравелов" Русе | Регионална библиотека "Любен Каравелов" Русе | Редки и ценни | 2021-09-23 | Редки и ценни | 0.96 | 10681 | Рф 888 | 900000078290 | 0.49 | Книги |